| 000 | 00387pab a2200133 454500 | ||
|---|---|---|---|
| 008 | 180718b2004 xxu||||| |||| 00| 0 eng d | ||
| 100 | _aReddick, Christopher G. | ||
| 245 | _aAssessing local government revenue forecasting techniques | ||
| 260 | _c2004 | ||
| 300 | _ap.597-613. | ||
| 650 | _aLocal government | ||
| 773 | _aInternational Journal of Public Administration | ||
| 909 | _a62622 | ||
| 999 |
_c62622 _d62622 |
||